| 000 | 00700nam a2200277Ia 4500 | ||
|---|---|---|---|
| 008 | 180803s9999 xx 000 0 und d | ||
| 020 | _a9780439199889 | ||
| 050 | _bE266 1998 | ||
| 100 | _aEdwards, Pamela Duncan | ||
| 245 | 0 | _aWarthogs in the kitchen : | |
| 245 | 2 | _ba sloppy counting book / | |
| 245 | 0 | _cby Pamela Duncan Edwards ; illustrated by Henry Cole. | |
| 260 | _aNew York, New York : | ||
| 260 | _bScholastic, | ||
| 260 | _c1998 | ||
| 300 | _a24 pages : | ||
| 300 | _bcolored ; | ||
| 300 | _c28cm. | ||
| 500 | _a100 | ||
| 650 | _aBaking. | ||
| 650 | _aCounting. | ||
| 650 | _aStories in rhyme. | ||
| 650 | _aWarthog. | ||
| 700 | _aCole, Henry. | ||
| 700 | _aTitle. | ||
| 999 |
_c358307 _d358307 |
||